[Event "Zaragoza Province-ch Primera"]
[Site "Zaragoza"]
[Date "2015.11.01"]
[Round "5"]
[White "Rubio Tello, Abel"]
[Black "Carruez Gracia, Eduardo"]
[Result "1/2-1/2"]
[WhiteElo "1864"]
[BlackElo "1706"]
[PlyCount "52"]
[EventDate "2015.09.27"]
[EventType "swiss"]
[EventRounds "6"]
[EventCountry "ESP"]
[SourceTitle "CBM 170 Extra"]
[Source "ChessBase"]
[SourceDate "2016.02.25"]
[SourceVersion "1"]
[SourceVersionDate "2016.02.25"]
[SourceQuality "1"]

1. d4 Nf6 2. Nf3 g6 3. b4 Bg7 4. Bb2 0-0 5. e3 d6 6. c4 c5 7. bxc5 dxc5 8. d5 e6 9. Nc3 Qa5 10. Nd2 Rd8 11. Nb3 Qb6 12. Be2 Na6 13. 0-0 exd5 14. cxd5 Nb4 15. Bc4 Be6 16. Na4 Qc7 17. Naxc5 Bxd5 18. Bxd5 Rxd5 19. Qf3 Rh5 20. h3 Rf5 21. Qxb7 Qxb7 22. Nxb7 Nd3 23. Bd4 Ne4 24. Bxg7 Kxg7 25. f3 Rb5 26. fxe4 Rxb7 1/2-1/2

[Event "Aragon-chT Honor GrA"]
[Site "Aragon"]
[Date "2015.03.07"]
[Round "7.4"]
[White "Ramiro Ovejero, Juan Luis"]
[Black "Rubio Tello, Abel"]
[Result "1-0"]
[WhiteElo "2350"]
[BlackElo "1860"]
[PlyCount "61"]
[EventDate "2015.01.24"]
[EventType "team-tourn"]
[EventRounds "7"]
[EventCountry "ESP"]
[SourceTitle "EXT 2017"]
[Source "ChessBase"]
[SourceDate "2016.10.25"]
[SourceVersion "1"]
[SourceVersionDate "2016.10.25"]
[SourceQuality "1"]
[WhiteTeam "Jaime Casas"]
[BlackTeam "San Jose"]
[WhiteTeamCountry "ESP"]
[BlackTeamCountry "ESP"]

1. e4 e6 2. d4 d5 3. Nd2 Nc6 4. Ngf3 Nf6 5. e5 Nd7 6. Bd3 f6 7. 0-0 fxe5 8. Nxe5 Ndxe5 9. dxe5 g6 10. f4 Bc5+ 11. Kh1 Qe7 12. c3 Bd7 13. b4 Bb6 14. a4 a6 15. Ba3 Qg7 16. Nf3 Ne7 17. b5 axb5 18. axb5 0-0 19. Nd4 Rf7 20. Bxe7 Rxa1 21. Qxa1 Rxe7 22. Qa8+ Re8 23. Qxb7 Bc8 24. Qa8 Bd7 25. Qa1 Qf8 26. Qc1 Ra8 27. f5 gxf5 28. g4 Qg7 29. gxf5 Qxe5 30. fxe6 Ra2 31. Qh6 1-0

[Event "Zaragoza Primavera op 2nd"]
[Site "Zaragoza"]
[Date "2014.06.15"]
[Round "7"]
[White "Rubio Tello, Abel"]
[Black "Fernandez Sierra, Pedro Jose"]
[Result "1-0"]
[WhiteElo "1860"]
[BlackElo "1702"]
[PlyCount "37"]
[EventDate "2014.04.27"]
[EventType "swiss"]
[EventRounds "9"]
[EventCountry "ESP"]
[SourceTitle "CBM 160 Extra"]
[Source "ChessBase"]
[SourceDate "2014.07.01"]
[SourceVersion "1"]
[SourceVersionDate "2014.07.01"]
[SourceQuality "1"]

1. d4 Nf6 2. Nf3 e6 3. Bg5 d5 4. e3 c5 5. c3 Nc6 6. Bd3 cxd4 7. exd4 Bd6 8. 0-0 h6 9. Bh4 0-0 10. Qe2 Re8 11. Ne5 Be7 12. f4 Nd7 13. Bxe7 Qxe7 14. Nd2 Ndxe5 15. fxe5 Bd7 16. Qg4 g6 17. Rf6 Rf8 18. Bxg6 fxg6 19. Rxg6+ 1-0

[Event "Aragon-chT Preferente A"]
[Site "Aragon"]
[Date "2014.02.15"]
[Round "4.52"]
[White "Rubio Tello, Abel"]
[Black "Garcia Estruch, Jorge"]
[Result "1-0"]
[WhiteElo "1860"]
[BlackElo "1869"]
[PlyCount "79"]
[EventDate "2014.01.25"]
[EventType "team-tourn"]
[EventRounds "9"]
[EventCountry "ESP"]
[SourceTitle "EXT 2015"]
[Source "ChessBase"]
[SourceDate "2014.11.20"]
[SourceVersion "1"]
[SourceVersionDate "2014.11.20"]
[SourceQuality "1"]
[WhiteTeam "San Jose"]
[BlackTeam "Sabinanigo"]
[WhiteTeamCountry "ESP"]
[BlackTeamCountry "ESP"]

1. d4 Nf6 2. Nf3 g6 3. b4 Bg7 4. Bb2 d5 5. e3 0-0 6. c4 c6 7. Be2 Bg4 8. Nbd2 Nbd7 9. 0-0 a5 10. a3 Re8 11. c5 Ne4 12. Ne5 Bxe2 13. Qxe2 Nxd2 14. Qxd2 f6 15. Nxd7 Qxd7 16. bxa5 e5 17. Bc3 e4 18. Rab1 f5 19. Rb6 Bf6 20. Rfb1 Ra7 21. Qb2 Re7 22. Qe2 g5 23. a6 bxa6 24. Rxa6 f4 25. Rb8+ Kf7 26. exf4 Rxa6 27. Qxa6 gxf4 28. Qc8 Qxc8 29. Rxc8 Rb7 30. Bb4 Bxd4 31. Rxc6 e3 32. Kf1 Re7 33. Rd6 Bb2 34. Rxd5 Kf6 35. c6 Rc7 36. Rd6+ Ke5 37. Ke2 Bd4 38. Rh6 Rf7 39. Bd6+ Ke4 40. c7 1-0

[Event "Benidorm op U2000 09th"]
[Site "Benidorm"]
[Date "2010.12.05"]
[Round "3"]
[White "Rubio Tent, Francisco"]
[Black "Rubio Tello, Abel"]
[Result "1-0"]
[WhiteElo "1980"]
[BlackElo "1898"]
[PlyCount "121"]
[EventDate "2010.12.03"]
[EventType "swiss"]
[EventRounds "10"]
[EventCountry "ESP"]
[SourceTitle "CBM 139 Extra"]
[Source "ChessBase"]
[SourceDate "2011.01.05"]
[SourceVersion "1"]
[SourceVersionDate "2011.01.05"]
[SourceQuality "1"]

1. b3 c5 2. Bb2 d5 3. e3 Nf6 4. f4 a6 5. Nf3 Nc6 6. Be2 Bf5 7. 0-0 e6 8. Ne5 h6 9. Nxc6 bxc6 10. d3 Bd6 11. Nd2 Qc7 12. Nf3 0-0 13. Ne5 Nd7 14. Nxd7 Qxd7 15. Kh1 Qc7 16. Bf3 e5 17. e4 Bd7 18. f5 d4 19. f6 gxf6 20. Bg4 Qc8 21. Bxd7 Qxd7 22. Qh5 Kg7 23. Rf3 Rh8 24. Raf1 Be7 25. Bc1 Rag8 26. Rg3+ Kf8 27. Qxh6+ Ke8 28. Rff3 Kd8 29. Qd2 Kc8 30. Qa5 Qb7 31. Ba3 Qb5 32. Qxb5 cxb5 33. Rxg8+ Rxg8 34. Rh3 Kd7 35. Rh7 Ke6 36. h4 b4 37. Bc1 a5 38. Kg1 a4 39. Kf1 axb3 40. axb3 Ra8 41. Ke2 Rg8 42. Kf3 Ra8 43. h5 Ra2 44. Bd2 Rxc2 45. Ke2 f5 46. Kd1 Ra2 47. exf5+ Kxf5 48. Rxf7+ Ke6 49. Rf3 Ra1+ 50. Kc2 Rh1 51. h6 Bf6 52. g4 Rh2 53. Kd1 Kf7 54. g5 Rh1+ 55. Kc2 Ke6 56. Rxf6+ Kd5 57. g6 e4 58. Rf5+ Ke6 59. dxe4 Rh3 60. g7 d3+ 61. Kb2 1-0